[Event "35th European Club Cup 2019"]
[Site "Ulcinj"]
[Date "2019.11.10"]
[Round "1.35"]
[White "Antipov, Mikhail Al."]
[Black "Meessen, Rudolf"]
[Result "1-0"]
[WhiteElo "2558"]
[BlackElo "2234"]
[Annotator "TA"]
[PlyCount "43"]
[EventDate "2019.11.10"]
[EventType "team-tourn"]
[EventCountry "MNE"]
[SourceTitle "playchess.com"]
[Source "ChessBase"]
[SourceQuality "1"]
[WhiteTeam "Molodezka"]
[BlackTeam "Eupen-Kelmis"]

{[%evp 10,79,13,19,20,18,21,22,21,0,9,16,8,0,12,5,11,8,10,5,11,0,6,15,19,19,72,52,70,38,52,68,27,36,85,34,41,25,242,240,257,240,351,347,352,351,334,331,364,362,743,631,29991,730,707,702,916,906,846,789,804,804,777,776,29956,29954,29979,29980,29979,29980,29980,29981]} 1. e4 e6 2. d4 d5 3. Nd2 c5 4. Ngf3 cxd4 5. exd5 Qxd5 6. Bc4 Qd7 $146 {C07: French Tarrasch: 3...c5, 4 Ngf3 and 4 exd5 Qxd5} ({Predecessor:} 6... Qd8 7. O-O Nc6 8. Nb3 a6 9. a4 Nf6 10. Qe2 Bd6 11. Rd1 {½-½ (30) Movsesian,S (2665)-Grover,S (2519) Reykjavik 2015}) 7. O-O Nc6 8. Nb3 {[%cal Rb3d4]} Nf6 {The position is equal.} 9. Qe2 a6 10. a4 Bd6 11. Rd1 Qe7 12. Nbxd4 Nxd4 13. Rxd4 e5 14. Rxd6 Qxd6 15. b3 $1 Be6 16. Ba3 Bxc4 17. Qxc4 Qd5 (17... Qc6 $11) 18. Qc3 $1 $16 {[%mdl 1024] White has strong compensation.} Nd7 19. Qe1 $1 {aiming for Rd1.} O-O-O 20. Rd1 Qc6 21. Rd3 {Threatens to win with Rc3.} Nc5 22. Re3 {Played: Rd3-c3} 1-0

[Event "35th European Club Cup 2019"]
[Site "Ulcinj"]
[Date "2019.11.10"]
[Round "1.36"]
[White "Ahn, Martin"]
[Black "Kryakvin, Dmitry"]
[Result "0-1"]
[WhiteElo "2154"]
[BlackElo "2605"]
[Annotator "TA"]
[PlyCount "83"]
[EventDate "2019.11.10"]
[EventType "team-tourn"]
[EventCountry "MNE"]
[SourceTitle "playchess.com"]
[Source "ChessBase"]
[SourceQuality "1"]
[WhiteTeam "Eupen-Kelmis"]
[BlackTeam "Molodezka"]

{[%evp 17,83,0,12,0,0,0,0,0,0,0,0,0,14,0,0,0,0,0,117,95,133,122,119,121,133,120,125,-36,-34,-62,-14,-14,-12,-11,-10,-22,-18,-76,-76,-683,-664,-520,-488,-722,-745,-712,-683,-664,-656,-605,-533,-533,-506,-815,-815,-803,-787,-916,-890,-1417,-1370,-29991,-29992,-29992,-29993,-29993,-1285,-29983]} 1. e4 e6 2. d4 d5 3. Nc3 Bb4 4. e5 c5 5. a3 Bxc3+ 6. bxc3 Qa5 7. Bd2 Qa4 8. Qg4 Kf8 9. Nf3 Ne7 10. Bd3 {C18: French: 3 Nc3 Bb4: Main line: 7 h4 and 7 Qg4} c4 (10... h6 11. O-O b6 12. h3 Nd7 13. Be3 c4 14. Be2 Qxc2 15. Rfc1 Qxe2 {0-1 (15) Wei,Y (2739)-Ivanchuk,V (2729) Medias 2017}) 11. Be2 Qxc2 12. O-O {The position is equal.} Nbc6 13. Bd1 Qg6 14. Qh3 Na5 $146 ({Predecessor:} 14... h5 15. Ne1 Nf5 16. Kh1 Qh7 {0-1 (39) Bernedo Ludena,R (1687)-Vasquez Jimenez,C (1990) Lima 2016}) 15. Ne1 Nb3 16. Bh5 $36 {[%mdl 2048] White has the initiative.} Qf5 17. Bg4 $1 {[%cal Rg4f5]} Nxd2 (17... Qg6 $11 18. Bh5 Qe4) 18. Bxf5 $16 exf5 19. f4 Nxf1 20. Kxf1 h6 21. Rb1 Rb8 22. e6 $2 ({Better is} 22. a4 $16) 22... Bxe6 $15 23. Qe3 Nc6 24. Nf3 Kg8 25. Ne5 {[#] Nxc6 is the strong threat.} Kh7 26. Rb5 Rhe8 27. Nxc6 (27. Qe2 $11 {keeps the balance.}) 27... bxc6 $17 28. Ra5 $2 {[%mdl 8192]} (28. Rxb8 $17 Rxb8 29. Qc1) 28... Rb1+ $19 29. Kf2 Rb2+ 30. Kf1 (30. Kg3 $142 Bd7 31. Qf3) 30... Reb8 31. h4 Rb1+ 32. Kf2 R8b2+ 33. Kg3 Rd1 {[#] White must now prevent ...Rd3.} 34. Kh2 Rd3 35. Qg1 (35. Qe1 $142 Rc2 36. h5) 35... Rxc3 36. Rxa7 Rf3 37. Qc1 Rff2 38. Kh3 Rxg2 39. Rb7 Rh2+ 40. Kg3 Rbg2+ 41. Kf3 Rc2 (41... g5 $142 42. Rxf7+ Bxf7 43. fxg5 Rf2+ 44. Kg3 f4+ 45. Qxf4 Rhg2+ 46. Kh3 Be6+ 47. Qg4 Bxg4#) 42. Qe1 {Accuracy: White = 35%, Black = 56%.} 0-1

[Event "35th European Club Cup 2019"]
[Site "Ulcinj"]
[Date "2019.11.11"]
[Round "2.1"]
[White "Dreev, Aleksey"]
[Black "Petenyi, Tamas"]
[Result "1-0"]
[WhiteElo "2671"]
[BlackElo "2420"]
[Annotator "TA"]
[PlyCount "43"]
[EventDate "2019.11.10"]
[EventType "team-tourn"]
[EventCountry "MNE"]
[SourceTitle "playchess.com"]
[Source "ChessBase"]
[SourceQuality "1"]
[WhiteTeam "Moscow Chess Team"]
[BlackTeam "Dunajska Streda"]

{[%evp 13,51,45,45,0,14,-8,-16,-31,-13,-27,26,20,49,-18,-16,-72,-29,-24,-21,-41,89,91,353,346,369,290,695,712,845,704,711,703,1460,1444,1895,1865,6002,5891,5226,4918]} 1. d4 Nf6 2. Nf3 b6 3. c4 Bb7 4. Nc3 e6 5. a3 g6 6. Qc2 Bg7 7. e4 O-O 8. Be2 {E12: Queen's Indian: Unusual White 4th moves, 4 a3, 4 Nc3 Bb7 5 a3 and 4 Nc3 Bb7} d5 $1 {[%cal Rd5e4]} 9. exd5 $146 ({Predecessor:} 9. cxd5 exd5 10. e5 Ne4 11. Be3 Nd7 12. Rd1 c5 13. dxc5 Nxc3 14. Qxc3 bxc5 15. Bxc5 Rc8 {0-1 (55) Dreev,A (2670)-Mamedyarov,S (2817) chess.com INT 2019}) 9... exd5 10. Bg5 {The position is equal.} dxc4 11. O-O-O Nbd7 (11... a6 $142) 12. Bxc4 $11 c5 13. dxc5 ({White should play} 13. Rhe1 $14) 13... Qc8 14. Bf4 (14. h4 $11 {remains equal.}) 14... Qxc5 15. Ba2 Qh5 16. Ng5 {Hoping for Nxf7.} Nc5 {[#]} (16... Bh6 $15 17. Qd2 Bxg5 18. Bxg5 Ne4) 17. f3 $1 $16 {h4 is the strong threat.} Rac8 $2 {[%mdl 8192]} (17... Bc8 $16 {might work better.}) 18. h4 $18 b5 19. Bd6 Na4 $2 (19... Bh6 20. Bxf8 Bxg5+ 21. hxg5 Qxg5+ 22. Qd2 Qxd2+ 23. Kxd2 Kxf8 24. Nxb5 Ba6) 20. Bxf8 {White is clearly winning.} Nxc3 21. bxc3 Bxf8 {[#]} 22. Bxf7+ {Played: Qc2-b3} 1-0

[Event "35th European Club Cup 2019"]
[Site "Ulcinj"]
[Date "2019.11.11"]
[Round "2.1"]
[White "Galburd, Yan"]
[Black "Chigaev, Maksim"]
[Result "1/2-1/2"]
[WhiteElo "2429"]
[BlackElo "2623"]
[Annotator "TA"]
[PlyCount "123"]
[EventDate "2019.11.10"]
[EventType "team-tourn"]
[EventCountry "MNE"]
[SourceTitle "playchess.com"]
[Source "ChessBase"]
[SourceQuality "1"]
[WhiteTeam "Rehovot"]
[BlackTeam "Molodezka"]

{[%evp 21,123,32,29,27,42,20,30,9,12,17,15,9,11,9,43,30,25,20,22,0,31,22,46,25,36,10,35,0,34,0,10,-18,-17,-42,-69,-57,-40,-19,-22,-35,-37,-77,-89,-95,-85,-105,-93,-99,-62,-62,-62,-62,-62,-62,-55,-66,-68,-80,-38,-89,-85,-90,-15,-15,0,0,0,0,0,0,0,0,0,0,0,0,0,0,0,0,0,0,0,0,0,0,0,0,0,0,0,0,0,0,0,0,0,0,0,0,0,0,0,0]} 1. Nf3 Nf6 2. b3 g6 3. Bb2 Bg7 4. g3 b6 5. Bg2 Bb7 6. c4 c5 7. O-O O-O 8. d4 cxd4 9. Qxd4 d6 10. Nc3 Nbd7 11. Rfd1 Rc8 12. Qd2 {A30: Symmetrical English: Double Fianchetto and Hedgehog} Re8 13. Rac1 a6 14. Nd4 {White has an edge.} (14. Ne1 $5 {[%cal Rg2b7]} Bxg2 15. Kxg2 $14 (15. Nxg2 b5 $11)) (14. Ne1 Qc7 15. Nd5 Qb8 16. Bh3 Ne4 17. Qc2 Bxb2 18. Qxb2 e6 {½-½ (41) Svidler,P (2760)-Gelfand,B (2695) Moscow 2018}) 14... Bxg2 15. Kxg2 Qc7 16. e4 {[#]} e6 $146 ({Predecessor:} 16... Qb7 17. f3 e6 18. Nde2 Bf8 19. Nd4 Ne5 20. Qe2 h5 {½-½ (65) Benkovic,P (2375)-Bosiocic,M (2597) Jahorina 2018}) 17. f3 Red8 18. Qe2 Qb7 19. Nc2 Ne8 20. Nd4 Ne5 21. Rc2 Rc7 22. Rcd2 Rdc8 23. f4 Nd7 24. Qf3 Nc5 (24... Bxd4 $5 25. Rxd4 b5 $14) 25. f5 Re7 26. Rf1 Nf6 {[%cal Rc5e4]} 27. fxe6 fxe6 28. e5 $1 {[%cal Re5f6]} dxe5 29. Qxb7 Rxb7 30. Nf3 e4 31. Ng5 {[#]} h6 $1 {[%cal Rh6g5]} 32. Nh3 b5 33. cxb5 axb5 34. Re2 b4 35. Na4 Nxa4 $1 36. bxa4 Nd5 37. Bxg7 Kxg7 38. Nf4 Nc3 $1 {[%cal Rc3e2]} 39. Nxe6+ Kg8 40. Rc2 (40. Ref2 $15) 40... Ra7 $17 41. Nf4 Rxa4 (41... Rcc7 $17 42. Ne2 Nd5 43. Rxc7 Rxc7) 42. Nd5 $1 $11 {[%cal Rd5e7] Ne7+ is the strong threat.The position is equal.} Rca8 43. Nxc3 bxc3 44. Rxc3 Rxa2+ {[%mdl 4096] Endgame KRR-KRR} 45. Rf2 h5 {[#]} (45... Rxf2+ {seems wilder.} 46. Kxf2 Ra2+ 47. Kg1 Kf7 48. h4 Ra6) 46. Rc8+ $1 {[%mdl 512]} Rxc8 47. Rxa2 {KR-KR} Kf7 48. Kf2 Ke6 49. Ke3 Kf5 50. Ra5+ Kg4 51. Kxe4 Kh3 52. Ra2 Rf8 53. Ra6 g5 54. Rh6 Kg4 55. Ke3 Rf1 56. h4 Kxg3 57. hxg5 h4 {White must now prevent ...Ra1.} 58. Ke4 Kg4 59. g6 {Strongly threatening g7.} Re1+ 60. Kd5 {Threatens to win with g7.} Re8 61. g7 {Threatening mate with Rh8.} Rg8 62. Rh7 {Accuracy: White = 56%, Black = 62%.} 1/2-1/2

[Event "35th European Club Cup 2019"]
[Site "Ulcinj"]
[Date "2019.11.11"]
[Round "2.2"]
[White "Paravyan, David"]
[Black "Gorodetzky, David"]
[Result "1-0"]
[WhiteElo "2628"]
[BlackElo "2488"]
[Annotator "TA"]
[PlyCount "115"]
[EventDate "2019.11.10"]
[EventType "team-tourn"]
[EventCountry "MNE"]
[SourceTitle "playchess.com"]
[Source "ChessBase"]
[SourceQuality "1"]
[WhiteTeam "Molodezka"]
[BlackTeam "Rehovot"]

{[%evp 21,115,10,19,9,10,8,17,0,7,14,33,36,45,38,71,38,48,39,78,58,65,59,89,78,80,56,52,60,67,45,53,32,37,37,40,20,16,21,27,6,87,75,137,92,104,113,99,104,108,18,82,61,61,54,114,115,227,70,143,133,129,129,178,145,261,239,331,321,349,349,341,340,340,340,5097,4405,29936,29940,7349,2587,5755,4702,29973,29967,29979,29980,29980,29966,8910,5311,29982,29979,29979,29980,29980,29980]} 1. e4 c6 2. d4 d5 3. Nc3 dxe4 4. Nxe4 Nf6 5. Nxf6+ exf6 6. Bc4 Bd6 7. Qe2+ Qe7 8. Qxe7+ Kxe7 9. Ne2 Bf5 10. c3 Re8 11. O-O Nd7 12. Ng3 {B15: Caro-Kann: 3 Nc3: 3...g6 and 3...dxe4 4 Nxe4 Nf6 5 Nxf6+ exf6} Bxg3 13. fxg3 Nb6 14. Bb3 $146 {The position is equal.} ({Predecessor:} 14. Ba6 bxa6 15. Rxf5 Kd7 16. Kf1 Nd5 17. Bd2 Re6 18. c4 Ne3+ 19. Bxe3 Rxe3 {0-1 (37) Cijs,P (2182)-Hasidume,S (1381) IECG email 2006}) 14... Bd3 15. Rd1 Bc4 16. Bc2 Kd8 17. b3 $36 {[%mdl 2048] White is pushing.} ({Don't play} 17. Bxh7 g6 $17) 17... Re2 18. Bf5 (18. Bxh7 $5 {[%cal Rb3c4]} Bd5 19. Rd2 Re1+ 20. Kf2 $16) 18... Bd5 19. Rd2 Re1+ 20. Kf2 Rh1 21. Bb2 Rxh2 22. Bh3 Be6 23. Kg1 (23. g4 {looks sharper.} h5 24. Kg3 hxg4 25. Kxh2 gxh3 26. gxh3 Kc7 27. c4) 23... Rxh3 24. gxh3 Bxh3 25. c4 Kd7 26. d5 Re8 27. Bd4 Nc8 28. Bc5 b6 29. dxc6+ Kxc6 30. Bb4 Re6 (30... a5 $11 {remains equal.} 31. Ba3 Be6) 31. Bf8 $16 Ne7 (31... g5 $142) 32. Rh2 Bg4 33. Bxe7 Rxe7 34. Rxh7 {[%mdl 4096] Endgame KRR-KRB} g6 35. b4 (35. Rf1 $16) 35... f5 (35... Be6 $11) 36. a3 a5 37. Rc1 Bh5 (37... Re3 $14) 38. Kf1 Ra7 (38... axb4 $16 {is a better defense.} 39. axb4 Bf3) 39. Re1 $2 (39. b5+ $1 $18 Kd6 40. Rh8) 39... Rd7 (39... axb4 $14 40. axb4 Kd6) 40. bxa5 bxa5 41. Re5 a4 42. Kf2 Rd2+ (42... Bg4 $16 43. Ke3 Bd1) 43. Ke3 $18 Re2+ 44. Kd4 Rxe5 45. Kxe5 {KR-KB} Kc5 46. Rxf7 {Rc7+ is the strong threat.} Kxc4 {[#]} 47. Rb7 $1 Bd1 $2 (47... Kc3 48. Kf6 Bf3) 48. Rb6 Kc3 49. Rxg6 Kb2 50. Rd6 Bb3 {[#]} 51. Kd4 $1 Ba2 52. Rf6 Kxa3 53. Kc3 Bb1 54. Re6 Ka2 55. Re2+ Ka3 56. Rh2 {White mates.} Be4 57. Rf2 Bb1 58. Rf4 {Accuracy: White = 71%, Black = 29%.} 1-0

[Event "35th European Club Cup 2019"]
[Site "Ulcinj"]
[Date "2019.11.11"]
[Round "2.2"]
[White "Bagi, Mate"]
[Black "Zvjaginsev, Vadim"]
[Result "0-1"]
[WhiteElo "2470"]
[BlackElo "2626"]
[Annotator "TA"]
[PlyCount "96"]
[EventDate "2019.11.10"]
[EventType "team-tourn"]
[EventCountry "MNE"]
[SourceTitle "playchess.com"]
[Source "ChessBase"]
[SourceQuality "1"]
[WhiteTeam "Dunajska Streda"]
[BlackTeam "Moscow Chess Team"]

{[%evp 20,122,13,0,0,-10,0,0,0,0,0,-18,0,0,-13,-12,-16,-13,-25,-41,-44,-52,-51,-48,-25,-47,-15,-17,-12,-256,-260,-232,-238,-404,-420,-401,-270,-252,-258,-243,-227,-213,-213,-213,-213,-213,-213,-212,-220,-220,-193,-178,-113,-269,-264,-243,-175,-175,-162,-161,-147,-132,-85,-154,-128,-168,-164,-212,-212,-314,-318,-318,-306,-216,-216,-646,-646,-536,-212,-212,-212,-212,-212,-212,-212,-212,-212,-212,-212,-208,-148,-148,-148,-148,-148,-148,-148,-246,-246,-29942,-4133,-29986,-29987,-29988,-29989]} 1. e4 c5 2. Nf3 e6 3. d4 cxd4 4. Nxd4 a6 5. Be2 Nf6 6. Nc3 d6 7. a4 Nc6 8. Be3 Be7 9. O-O O-O 10. f4 Bd7 11. Nb3 e5 {B85: Sicilian Scheveningen: 6 Be2 a6, lines with early Be3} 12. a5 (12. Nd5 exf4 13. Bb6 Qc8 14. Nxe7+ Nxe7 15. Rxf4 Ng6 16. Rxf6 gxf6 17. Nd4 Re8 18. Bd3 Re5 19. Qf3 {1-0 (69) Dubov,D (2677)-Artemiev,V (2696) Moscow 2017}) 12... exf4 13. Rxf4 Ne5 {The position is equal.} 14. Bb6 $146 ({Predecessor:} 14. Kh1 Bc6 15. Nd4 Ng6 16. Nxc6 bxc6 17. Rf5 Nd7 18. Qf1 Nge5 19. h3 {½-½ (40) Cabezas Ayala,I (2340)-Galiana Fernandez,A (1941) Pontevedra 2015}) 14... Qc8 15. Nd5 Nxd5 16. exd5 Bg5 17. Rb4 Re8 18. Nd2 Bf5 19. Ne4 Bxe4 20. Rxe4 f5 $36 {[%mdl 2048] Black has some pressure.} 21. Rb4 Re7 22. Ra3 Qf8 23. Bf2 Rae8 24. Rbb3 $2 (24. Rg3 $11 {and White is okay.} Bf6 25. h3) 24... Ng4 $1 $19 25. Bxg4 fxg4 26. h4 $2 (26. Qf1 {was necessary.}) 26... Re2 $1 27. Bg3 Bf4 {Hoping for ...Bxg3.} 28. Qf1 Be3+ 29. Rxe3 Qxf1+ ({Don't do} 29... R2xe3 30. Qxf8+ Kxf8 31. Bxd6+ Kf7 32. Rxe3) 30. Kxf1 R2xe3 31. Rxe3 Rxe3 32. Bxd6 {[%mdl 4096] Endgame KR-KB} Kf7 33. Kf2 Re4 34. c3 Kf6 35. b3 Kf5 (35... h5 $19 36. Bc7 g5) 36. c4 $2 (36. g3 $17 {might work better.}) 36... h5 37. Bc7 Re7 38. Bd8 Rd7 39. Bg5 Ke4 40. Ke2 Rf7 41. Be3 ({White should try} 41. g3) 41... g3 $17 42. b4 Ke5 43. Bb6 Kd6 {aiming for ...Rf4.} 44. Bc5+ (44. Be3 $142) 44... Kd7 $19 45. Be3 Rf5 46. Kd3 Rf1 47. Ke4 $2 {[#]} (47. Ke2 Rh1 48. Bg5) 47... Rf2 $1 {[%mdl 512]} 48. b5 {[#] and if bxa6 works, White does fine.} (48. Bxf2 gxf2) 48... Rxg2 {Played: a6xb5} 0-1

[Event "35th European Club Cup 2019"]
[Site "Ulcinj"]
[Date "2019.11.11"]
[Round "2.3"]
[White "Grachev, Boris"]
[Black "Varga, Zoltan"]
[Result "1-0"]
[WhiteElo "2608"]
[BlackElo "2424"]
[Annotator "TA"]
[PlyCount "59"]
[EventDate "2019.11.10"]
[EventType "team-tourn"]
[EventCountry "MNE"]
[SourceTitle "playchess.com"]
[Source "ChessBase"]
[SourceQuality "1"]
[WhiteTeam "Moscow Chess Team"]
[BlackTeam "Dunajska Streda"]

{[%evp 13,59,18,30,37,34,35,31,42,63,70,73,60,82,0,0,0,0,0,0,0,0,-59,-8,-20,-17,-10,0,-30,-49,-64,-63,-94,0,9,17,29,36,0,108,108,206,124,202,202,191,208,210,194]} 1. d4 d5 2. Nf3 Nf6 3. c4 dxc4 4. e3 e6 5. Bxc4 a6 6. O-O b5 7. Bd3 Bb7 8. Qe2 {D26: Queen's Gambit Accepted: 4 e3 e6 5 Bxc5 c5 sidelines} Nbd7 9. a4 b4 10. e4 {White is slightly better.} c5 (10... Be7 11. Nbd2 c5 12. e5 Nd5 13. Nb3 cxd4 14. Bd2 Nc5 15. Nxc5 Bxc5 16. Rac1 Be7 17. Qe4 Qd7 18. Qg4 Kf8 19. Qxd4 h6 20. h4 g6 21. Qg4 Kg7 22. Rc4 Rad8 {½-½ (22) Bauer,C (2646)-Hera,I (2619) Belgium 2018}) 11. d5 $1 exd5 12. exd5+ Qe7 13. Qd1 $146 (13. Re1 $16 Qxe2 14. Rxe2+ Kd8 15. Nbd2) ({Predecessor:} 13. Qc2 Qd6 14. Nbd2 Nb6 15. Re1+ Be7 {1-0 (26) Markos,J (2540)-Varga,Z (2477) Banska Stiavnica 2012}) 13... Qd6 $1 $36 {[%mdl 2048] Black is more active.} ({Reject} 13... Bxd5 $6 14. Re1 $16) 14. Re1+ Be7 15. Nbd2 {Black must now prevent Nc4.} Nxd5 16. Nc4 Qc7 $1 17. Nh4 (17. Bg5 $11 N7f6 18. Nfe5) 17... O-O (17... g6 $15) 18. Nf5 $1 N7f6 19. Bg5 Rfe8 20. Bh4 Bf8 21. Rxe8 Rxe8 22. Bg3 {[#]} Qd7 (22... Nf4 $1 $17 {...g6 is the strong threat.} 23. Nfd6 {[#]} Qc6 $1 {[%mdl 512]}) 23. Nfd6 Bxd6 24. Nxd6 Rd8 25. Qc2 Bc6 (25... Ba8 $1 $11 {keeps the balance.}) 26. Qxc5 $16 Bxa4 (26... Nh5 $16) 27. Bxa6 Bc6 (27... Bb3 $16 {might work better.}) 28. Bc4 $18 {And now Ra7 would win.White is clearly better.} Ra8 29. Rd1 h6 30. h3 {Accuracy: White = 56%, Black = 50%.} 1-0

[Event "35th European Club Cup 2019"]
[Site "Ulcinj"]
[Date "2019.11.11"]
[Round "2.3"]
[White "Vedrickas, Tautvydas"]
[Black "Bosiocic, Marin"]
[Result "0-1"]
[WhiteElo "2403"]
[BlackElo "2598"]
[Annotator "TA"]
[PlyCount "67"]
[EventDate "2019.11.10"]
[EventType "team-tourn"]
[EventCountry "MNE"]
[SourceTitle "playchess.com"]
[Source "ChessBase"]
[SourceQuality "1"]
[WhiteTeam "MRU-ROSK Consulting"]
[BlackTeam "Valerenga"]

{[%evp 19,67,0,0,-10,0,0,0,-3,0,0,0,0,0,0,15,9,11,8,6,0,6,0,0,0,12,12,15,18,26,0,-1,-80,-34,-29,-47,-33,0,0,0,-95,0,-186,-165,-160,-112,-205,-168,-218,-228,-979]} 1. d4 Nf6 2. c4 e6 3. Nf3 d5 4. Nc3 Bb4 5. cxd5 exd5 6. Qa4+ Nc6 7. Bg5 h6 8. Bxf6 Qxf6 9. Rc1 O-O 10. e3 Rd8 11. a3 {D38: Queen's Gambit Declined: Ragozin Defence (4 Nf3 Bb4)} (11. Be2 Bf8 12. O-O Ne7 13. Qc2 c6 14. b4 a6 15. a4 Ng6 16. b5 axb5 17. axb5 Bf5 18. Qb3 Bd6 19. bxc6 bxc6 {1-0 (39) Duda,J (2730)-Giri,A (2780) chess.com INT 2019}) 11... Bf8 12. Be2 a6 13. O-O {The position is equal.} Be6 14. b4 Bd6 15. Qb3 Ne7 16. Na4 $146 ({Predecessor:} 16. b5 a5 17. Na4 b6 18. Nb2 g5 {0-1 (57) Ogloblin,N (2416)-Aleksandrov,A (2574) Zvenigorod 2008}) 16... b6 17. Nc5 bxc5 18. bxc5 Rdb8 19. Qc3 {[#]} Bxh2+ $1 {[%mdl 512]} 20. Nxh2 Bf5 21. Ng4 Qe6 22. Ne5 Ng6 23. Nd3 Be4 24. Rfe1 Qf6 25. Bf1 (25. f3 $11 Bf5 26. Nb4) 25... Qg5 {White must now prevent ...Nh4.} 26. Re2 Nh4 $36 {[%mdl 2048] ( -> ...Nf3+). White is under pressure.} 27. Ne1 Re8 28. Qa5 $1 Re7 29. c6 (29. Rb2 $11) 29... h5 (29... Rb8 $17) 30. Rc5 $2 (30. Rb2 $11) 30... Rb8 $19 {And now ...Rb1 would win.} 31. Rc1 Rb6 32. Qc5 (32. Ra2 $17 {keeps fighting.}) 32... Re8 33. Kh2 {[#]} Nf5 $1 34. Nf3 $2 {Accuracy: White = 50%, Black = 59%.} (34. a4) 0-1

[Event "35th European Club Cup 2019"]
[Site "Ulcinj"]
[Date "2019.11.11"]
[Round "2.3"]
[White "Parkhov, Yair"]
[Black "Esipenko, Andrey"]
[Result "0-1"]
[WhiteElo "2368"]
[BlackElo "2636"]
[Annotator "TA"]
[PlyCount "70"]
[EventDate "2019.11.10"]
[EventType "team-tourn"]
[EventCountry "MNE"]
[SourceTitle "playchess.com"]
[Source "ChessBase"]
[SourceQuality "1"]
[WhiteTeam "Rehovot"]
[BlackTeam "Molodezka"]

{[%evp 11,70,14,8,0,21,24,6,8,35,-19,0,-68,-75,-115,-100,-108,-114,-112,-114,-106,-96,-110,-85,-100,-89,-93,-91,-90,-105,-110,-114,-111,-119,-117,-117,-118,-112,-106,-92,-102,-91,-99,-101,-133,-126,-168,-154,-183,-183,-195,-193,-210,-171,-235,-225,-233,-242,-227,-239,-231,-257]} 1. c4 e5 2. Nc3 Nf6 3. Nf3 Nc6 4. e3 Bb4 5. Qc2 Bxc3 6. Qxc3 Qe7 7. b3 {A28: English Opening: Four Knights Variation} d5 8. d4 {[%cal Rf3e5]} Ne4 9. Qb2 $1 {The position is equal.} Be6 10. c5 $146 (10. Nxe5 $14 Nxe5 11. dxe5) ({Predecessor:} 10. Be2 Qb4+ 11. Nd2 exd4 12. exd4 Qc3 13. f3 Qxb2 14. Bxb2 Nxd2 15. Kxd2 {½-½ (52) So,W (2765)-Karjakin,S (2753) Kolkata 2018}) 10... exd4 $11 11. exd4 (11. Nxd4 $11 Qxc5 12. Nxc6 bxc6 13. f3 Qb4+ 14. Ke2) 11... Bg4 $36 {[%mdl 2048] ...Bxf3 is the strong threat. Black has strong initiative.} 12. Be2 Bxf3 $1 13. gxf3 {[#]} Ng5 $1 {[%cal Rg5f3]} 14. Be3 Ne6 15. O-O-O O-O 16. Rhg1 f5 17. f4 Qh4 18. Qd2 Ne7 (18... Qxh2 $2 19. Rh1 $18) 19. Rg3 Ng6 {[%cal Re6f4]} 20. Rdg1 Rf7 ({Not} 20... Qxh2 21. Bf3 $16) 21. Rf3 Qxh2 22. Rfg3 Qh4 23. Bf3 c6 24. Rh1 Qf6 25. Bh5 Re7 26. Bxg6 hxg6 27. Rgh3 {Strongly threatening Rh8+.} Kf7 28. f3 Ree8 {Black is clearly better.} 29. Bf2 {[#]} b6 $1 30. Kb1 Qe7 31. Re1 Qc7 ({Don't play} 31... bxc5 32. dxc5 Qc7 33. Rh4) 32. Re5 (32. cxb6 $142 Qxb6 33. Rhh1) 32... bxc5 $19 33. dxc5 {[#]} Nxf4 $1 {[%mdl 512]} 34. Rxe8 (34. Qxf4 Qxe5) 34... Rxe8 35. Bg3 g5 {Accuracy: White = 54%, Black = 81%.} 0-1

[Event "35th European Club Cup 2019"]
[Site "Ulcinj"]
[Date "2019.11.11"]
[Round "2.4"]
[White "Predojevic, Borki"]
[Black "Brazdzionis, Andrius"]
[Result "1-0"]
[WhiteElo "2621"]
[BlackElo "2355"]
[Annotator "TA"]
[PlyCount "55"]
[EventDate "2019.11.10"]
[EventType "team-tourn"]
[EventCountry "MNE"]
[SourceTitle "playchess.com"]
[Source "ChessBase"]
[SourceQuality "1"]
[WhiteTeam "Valerenga"]
[BlackTeam "MRU-ROSK Consulting"]

{[%evp 9,55,21,21,25,37,18,32,-8,6,0,83,86,91,84,83,88,99,78,76,80,72,53,100,111,167,131,138,145,156,165,159,174,160,171,156,156,314,334,428,447,450,439,553,516,512,431,536,528]} 1. c4 e6 2. Nc3 d5 3. d4 a6 4. cxd5 exd5 5. Bf4 (5. Nf3 Nf6 6. Bg5 Be6 7. e3 Nbd7 8. Bd3 c6 9. Qb3 Qb6 10. Qxb6 Nxb6 11. Bxf6 gxf6 12. Nh4 a5 13. O-O-O Bb4 {1-0 (40) So,W (2767)-Demchenko,A (2655) Khanty-Mansiysk 2019}) 5... Nf6 6. e3 {D31: Queen's Gambit Declined: Semi-Slav without ...Nf6 (+ Marshall Gambit and Noteboom) and Exchange Variation lines without ...Nf6} Bf5 7. Rc1 $146 ({Predecessor:} 7. Nge2 Bd6 8. Ng3 Bg6 9. Be5 Nc6 10. f4 Ne7 11. Bd3 Qd7 12. O-O Bxd3 13. Qxd3 {½-½ (35) Babula,V (2556)-Krejci,J (2582) Prague 2018}) 7... Bd6 8. Bg5 {White is slightly better.} c6 9. Qb3 {Black must now prevent Bxf6.} Ra7 {[#]} (9... b5 $11 {remains equal.}) 10. Bxf6 $1 $16 gxf6 ({Avoid the trap} 10... Qxf6 $2 11. Qb6 $18) 11. Nf3 Nd7 12. Nh4 $36 {[%mdl 2048] White is on the roll.} Bg6 13. g3 O-O 14. Qd1 Re8 15. Bh3 b5 16. O-O Nf8 (16... Nb6 $16) 17. Qd2 Rc7 {[#]} 18. f4 $1 Be4 19. Nxe4 Rxe4 20. Nf5 Ng6 21. Rc2 Bf8 22. Rfc1 Qa8 $2 (22... Re6 $16 23. Qe2 Qe8) 23. Bg2 $18 Qe8 24. Bxe4 {White is clearly winning.} Qxe4 25. g4 h5 26. Ng3 Qf3 27. gxh5 Bb4 28. Qf2 {Accuracy: White = 81%, Black = 32%.} 1-0